Statistiques concernant Les Marie célèbres

Cliquez ici pour prendre le quiz!

Statistiques générales

  • Ce quiz a été pris 173 fois
  • Le résultat moyen est 5 sur 15

Statistiques - réponses

Indice 1Indice 2Nom% Correct
1867-1934physicienne et scientifique polonaiseCurie
96%
1962-2003tuée par Bertrand Cantat (Noir Désir)Trintignant
77%
1542-1587reine d'EcosseStuart
70%
1957chanteuse française d'origine portugaise - L'oiseau et l'enfantMyriam
65%
1575-1642reine de FranceMédicis
51%
1974journaliste et animatrice de télévisionDrucker
48%
1939chanteuse et actrice françaiseLaforet
36%
1516-1558reine d'AngleterreTudor
32%
1975actrice belgeGillain
23%
1896-1980la « Bonne Dame de Loudun »Besnard
14%
1937-2014actrice françaiseDubois
14%
1883-1956peintre et graveuse françaiseLaurencin
9%
1900-1985actrice françaiseBell
5%
1786-1817l'amour polonais de Napoléon BonaparteWalewska
5%
1882-1962femme de lettresBonaparte
2%

Distribution des résultats

Percentile par nombre de réponses

% des personnes avec chaque résultat

Votre développement - résultats

Vous n’avez pas pris ce quiz